FOOD SCIENCE PROCESSING TECHNOLOGY (Record no. 216176)
[ view plain ]
| 000 -LEADER | |
|---|---|
| fixed length control field | 00516nam a22001937a 4500 |
| 008 - FIXED-LENGTH DATA ELEMENTS--GENERAL INFORMATION | |
| fixed length control field | 251112b |||||||| |||| 00| 0 eng d |
| 020 ## - INTERNATIONAL STANDARD BOOK NUMBER | |
| International Standard Book Number | 979-8-88715-01`2-3 |
| 050 ## - LIBRARY OF CONGRESS CALL NUMBER | |
| Classification number | TX 531 .G74 2023 |
| Item number | C.1 |
| 100 ## - MAIN ENTRY--PERSONAL NAME | |
| Personal name | Green Martha |
| 245 ## - TITLE STATEMENT | |
| Title | FOOD SCIENCE PROCESSING TECHNOLOGY |
| 250 ## - EDITION STATEMENT | |
| Edition statement | First edition |
| 260 ## - PUBLICATION, DISTRIBUTION, ETC. | |
| Place of publication, distribution, etc. | USA |
| Name of publisher, distributor, etc. | Oryson press |
| Date of publication, distribution, etc. | 2023 |
| 300 ## - PHYSICAL DESCRIPTION | |
| Extent | 1-285p. |
| 500 ## - GENERAL NOTE | |
| General note | It has bibliographic data |
| 650 ## - SUBJECT ADDED ENTRY | |
| Topical term or geographic name entry element | food microbiology |
| 700 ## - ADDED ENTRY--PERSONAL NAME | |
| Personal name | Green Martha |
| 942 ## - ADDED ENTRY ELEMENTS (KOHA) | |
| Source of classification or shelving scheme | Library of Congress Classification |
| Koha item type | Long Loan Book |
| Withdrawn status | Lost status | Source of classification or shelving scheme | Damaged status | Not for loan | Collection | Home library | Current library | Shelving location | Date acquired | Inventory number | Total checkouts | Full call number | Barcode | Date last seen | Date last checked out | Copy number | Price effective from | Koha item type |
|---|---|---|---|---|---|---|---|---|---|---|---|---|---|---|---|---|---|---|
| Library of Congress Classification | Science & Technology | Kisii University Library | Kisii University Library | On Display | 11/12/2025 | 109725 | 1 | TX .531 .G74 2003 | 000000024845 | 12/08/2025 | 11/24/2025 | C.1 | 11/12/2025 | Long Loan Book | ||||
| Library of Congress Classification | Science & Technology | Kisii University Library | Kisii University Library | On Display | 11/12/2025 | 109726 | 2 | TX .531 .G74 2003 | 000000024844 | 12/08/2025 | 12/08/2025 | C.2 | 11/12/2025 | Long Loan Book | ||||
| Library of Congress Classification | Science & Technology | Kisii University Library | Kisii University Library | On Display | 11/12/2025 | 109727 | TX .531 .G74 2003 | 000000024843 | 11/12/2025 | C.3 | 11/12/2025 | Long Loan Book | ||||||
| Library of Congress Classification | Science & Technology | Kisii University Library | Kisii University Library | On Display | 11/12/2025 | 109728 | TX .531 .G74 2003 | 000000024841 | 11/12/2025 | C.4 | 11/12/2025 | Long Loan Book |